00557nam a22001697a 450000500170000001000150001702000260003203500140005803700130007208200130008510000240009824501240012226000400024627000620028630000200034850000190036820170908123028.0 aENG-120365 a9788182474277c595.00 aEN-103897 bDBAD/PUB a328.5405 aGoswami,Bhalchandra aHas parliament failed :cby Bhalchandra Goswamiba critical review of the apex democratic organization of the country / aPanchkulabHoliday Book Storec2012 aS.C.O.43,First floor,Swastik Vihar MDCbPanchkulae134112 a205p.c22cm(Hb) aIncludes index